000 00853nam a2200193 i 4500
001 38057
003 ES-MaACL
005 20230906155704.0
007 t|
008 030224s1897 sp ||||1| spa d
100 1 _aCalabuig y Carra, Vicente.
_933509
245 1 3 _aLa Casa Enseñanza Fundación del Arzobispo (de Valencia) D. Andrés Mayoral
_b: informe presentado al... ayuntamiento /
_c[por] Vicente Calabuig y Carra.
260 _aValencia :
_bEmilio Pascual,
_c1897.
300 _a189 p., 1 h. con el retr. de Mayoral ;
_c27 cm.
500 _aEl nombre del arzobispo es: Ilmo. Sr. D. Andrés Mayoral, Arzobispo de Valencia.
530 _aDisponible también en sitio web.
852 _aES-MaACL
_jT-841-F-6
856 _uhttp://bibliotecadigitalhispanica.bne.es:80/webclient/DeliveryManager?pid=3419868&custom_att_2=simple_viewer
_zIr a la página
999 _c38057
_d38057